Estudios: historia de Roma, derecho romano, derecho moderno
Guardat en:
| Autor principal: | |
|---|---|
| Format: | Llibre |
| Idioma: | espanyol |
| Publicat: |
Madrid, España
Euroamérica
1968
|
| Matèries: | |
| Etiquetes: |
Afegir etiqueta
Sense etiquetes, Sigues el primer a etiquetar aquest registre!
|
MARC
| LEADER | 00000nam a2200000 a 4500 | ||
|---|---|---|---|
| 001 | UCS8421 | ||
| 003 | CL-VaPUC | ||
| 005 | 20220503171919.0 | ||
| 008 | 971031e19680000SP |||||||||||||||||spa|d | ||
| 999 | |c 262850 |d 262848 | ||
| 040 | |c Pontificia Universidad Católica de Valparaíso | ||
| 082 | 0 | 4 | |a 340.54 IGL 1968 |2 21 |
| 100 | |a Iglesias Santos, Juan |e autor |9 857449 | ||
| 245 | 1 | 0 | |a Estudios: |b historia de Roma, derecho romano, derecho moderno |
| 260 | |a Madrid, España |b Euroamérica |c 1968 | ||
| 300 | |a 272 páginas | ||
| 583 | |a last modification |c 19971031 00:00:00 |k Rodrigo Vera | ||
| 650 | 0 | |a Derecho romano |9 255930 |x Historia del derecho |x Derecho moderno | |
| 852 | |a BIBCUR | ||
| 942 | |c BK |2 ddc | ||
| 945 | |d 19971031 00:00:00 |a lriquelm | ||
| 952 | |0 0 |1 0 |2 ddc |4 0 |6 340_540000000000000_IGL_1968 |7 0 |8 DER_ROM |9 291755 |a BIBDER |b BIBDER |d 2019-11-19 |i 1894641 |o 340.54 IGL 1968 |p 1894641 |r 2023-01-25 |t 1 |w 2019-11-19 |x Ubicación 4to piso |y BK |z Este recurso debe solicitarse con anticipación |k DER | ||